000 00411nam a2200145Ia 4500
008 100122s9999 xx 000 0 und d
082 _b2713
_a823
100 _aखांडेकर वि स
245 _aदोन ध्रुव
260 _bप्रकाशक शोधणे
_c1924
300 _a80
630 _aदोन ध्रुव
730 _aदोन ध्रुव
942 _cBOOK
999 _c397017
_d397014